000 00587nam a2200157 a 4500
008 120416s1962 ||||||||||||||||| || u
050 _aQD 83 Lad
100 _aLadd, M. F. C
245 1 0 _aQualitative inorganic analysis
260 _aLondon
_bCleaver-Hume Press
_c1962
350 _a0.00
650 0 _aCHEMISTRY--HANDBOOKS, MANUALS, ETC
650 _aCHEMISTRY, ANALYTIC--QUANTITATIVE
650 _aCHEMISTRY,ANALYTIC--INORGANIC
995 _D0.00
_FCBU-MAIN LIBRARY (Kitwe)
_H1
_I4.40
_M1
_UAVAILABLE
_ZAnnex Low-Usage Collection
999 _c55383
_d55383